MARC

LEADER 00000nam0a2200000 4500
001 362233
005 20250211063217.0
035 |a (RuTPU)RU\TPU\retro\19579 
035 |a RU\TPU\retro\19543 
090 |a 362233 
100 |a 20210720d1977 k y0rusy5003 ca 
101 0 |a rus 
102 |a RU 
105 |a y z 001zy 
200 1 |a Механика твердого тела и жидкости  |e [тематический сборник]  |f Московский энергетический институт ; под ред. А. И. Корбина 
210 |a Москва  |c Изд-во МЭИ  |d 1977 
215 |a 120 с.  |c табл., ил. 
225 1 |a Труды Московского энергетического института (МЭИ)  |v Вып. 331 
320 |a Библиогр. в конце ст. 
500 1 0 |a Труды Московского энергетического института  |9 88841 
606 1 |a Твердые тела  |x Механика  |2 stltpush  |3 (RuTPU)RU\TPU\subj\58655 
606 1 |a Гидромеханика  |2 stltpush  |3 (RuTPU)RU\TPU\subj\6772  |9 34575 
610 1 |a гиростабилизаторы 
610 1 |a подвесы гироскопов 
610 1 |a кардановы подвесы 
610 1 |a демпфирование 
610 1 |a пластические деформации 
610 1 |a поликристаллы 
610 1 |a нестационарные течения 
610 1 |a шагающие аппараты 
610 1 |a решение задач 
610 1 |a гидравлическое трение 
610 1 |a обтекание 
610 1 |a турбулентные потоки 
610 1 |a ламинарные течения 
610 1 |a электрохимическая обработка 
610 1 |a металлы 
675 |a 531  |v 3 
675 |a 532  |v 3 
702 1 |a Корбин  |b А. И.  |4 340 
712 0 2 |a Московский энергетический институт  |c (1930-1992)  |3 (RuTPU)RU\TPU\col\20092  |9 27693 
801 0 |a RU  |b 63413507  |c 19950704  |g psbo 
801 1 |a RU  |b 63413507  |c 20060118  |g PSBO 
801 2 |a RU  |b 63413507  |c 20220211  |g PSBO 
942 |c BK